00349nam a2200133 a 4500003000300000005001700003008004100020050001800061100002200079245005200101250000600153260003500159440002100194mo20170315125153.0100901s19uu xx 00 eng d aFICbSt5 2006 aStilton, Geronimo aThea Stilton and the legend of the fire flower. a  aNew York :bScholastic,c2006. aGeronimo Stilton